000 00492nam a2200169 4500
001 123643
003 ES-MaACL
007 t|
008 070214s1955 sp r ||||1| spa d
100 1 _aRaid, Robert.
_995022
245 1 0 _aCuando los rusos llegan /
_cRobert Raid ; traducción del alemán por Carmen Casanova.
250 _a1ª ed.
260 _aBarcelona :
_bAymá,
_c1955.
300 _a640 p. ;
_c22 cm.
700 1 _aCasanova, Carmen.
_936092
852 _aES-MaACL
_jC-9551
_bR.37470
999 _c123643
_d123643